| 000 | 01327cam a22003135a 4500 | ||
|---|---|---|---|
| 001 | 14117234 | ||
| 005 | 20201128024312.0 | ||
| 008 | 050922t2006 inua frb 001 0 eng d | ||
| 020 | _a0471754889 | ||
| 020 | _a9780471754886 | ||
| 040 |
_aDLC _cDLC _dYDX _dBAKER _dUKM _dDLC _dEG-ScBUE _beng |
||
| 082 | 0 | 4 |
_a005.432 _222 _bDAV |
| 100 | 1 |
_aDavies, Justin, _d1979- |
|
| 245 | 1 | 0 |
_aSUSE Linux 10 bible / _cJustin Davies, Roger Whittaker, William von Hagen. |
| 260 |
_aIndianapolis : _bWiley Publishing, _cc.2006. |
||
| 300 |
_axlvii, 852 p. : _bill. ; _c24 cm. + _eCD-ROM (4 3/4 in.) |
||
| 504 | _aIncludes bibliographical references and index. | ||
| 538 | _aSystem requirements: PC with a Pentium or AMD processor running at 90 MHz; 128 MB of total RAM installed; DVD-ROM drive. | ||
| 630 | 0 | 7 | _aLinux. |
| 650 | 7 |
_aOperating systems (Computers) _2BUEsh _93050 |
|
| 651 | _2BUEsh | ||
| 653 |
_bCOMSCI _bGGEN _cMarch2018 |
||
| 700 | 1 |
_aWhittaker, Roger, _d1955- _939520 |
|
| 700 | 1 | _aVon Hagen, William. | |
| 856 | 4 | 1 |
_3Table of contents _uhttp://www.loc.gov/catdir/toc/ecip0519/2005027885.html |
| 856 | 4 | 2 |
_3Publisher description _uhttp://www.loc.gov/catdir/enhancements/fy0623/2005027885-d.html |
| 856 | 4 | 2 |
_3Contributor biographical information _uhttp://www.loc.gov/catdir/enhancements/fy0740/2005027885-b.html |
| 942 | _2ddc | ||
| 999 |
_c26423 _d26395 |
||